[Event "Quimper-Bagneux"]
[Site "Quimper"]
[Date "2007.10.21"]
[Round "1.5"]
[White "Bodenez, Claire"]
[Black "Gollain, Marc"]
[Result "0-1"]
[WhiteElo "2034"]
[BlackElo "2194"]
[PlyCount "52"]
[EventDate "2007.10.21"]
[SourceDate "2007.10.25"]

1. e4 e5 2. Nf3 Nc6 3. Bb5 a6 4. Bxc6 dxc6 5. Nc3 Bd6 6. d4 exd4 7. Qxd4 f6 8.
Be3 Be6 9. O-O-O Ne7 10. h3 O-O 11. Kb1 Qe8 12. Qd2 Kh8 13. Nd4 Bg8 14. f4 Rd8
15. Qf2 Bb4 16. Nde2 Qf7 17. Bc5 a5 18. a3 Bxc3 19. Nxc3 b6 20. Be3 Nc8 21. Qf3
Nd6 22. Rhe1 Nb5 23. Kc1 Nxc3 24. bxc3 Qa2 25. Rd4 c5 26. Rd3 Rxd3 0-1

[Event "Quimper-Bagneux"]
[Site "Quimper"]
[Date "2007.10.21"]
[Round "1.6"]
[White "Bartha, Sandor"]
[Black "Cadiou, Jacques"]
[Result "0-1"]
[WhiteElo "2140"]
[BlackElo "1974"]
[PlyCount "130"]
[EventDate "2007.10.21"]
[SourceDate "2007.10.25"]

1. d4 Nf6 2. Nf3 e6 3. Bg5 h6 4. Bh4 b6 5. e3 Bb7 6. c3 Be7 7. Bxf6 Bxf6 8.
Nbd2 O-O 9. Bd3 c5 10. O-O cxd4 11. exd4 d6 12. Re1 Nd7 13. Be4 Qc7 14. Bxb7
Qxb7 15. Qb3 Rfe8 16. Ne4 Be7 17. Ng3 Nf6 18. Qc2 Rec8 19. Qd2 Rab8 20. Rac1 b5
21. a3 Rc7 22. h3 Qd5 23. Re2 Rbc8 24. Rce1 a5 25. Nf1 Qb3 26. Qd1 Qxd1 27.
Rxd1 d5 28. Re3 Ne4 29. N3d2 Nd6 30. Re2 Nc4 31. Nxc4 bxc4 32. Rdd2 Rb7 33. g3
Rcb8 34. Ne3 Bd6 35. Kg2 Rb3 36. Nd1 R3b7 37. f4 g6 38. Kf3 h5 39. g4 hxg4+ 40.
hxg4 Kg7 41. Rg2 Rh8 42. Rdf2 Rbb8 43. Ke2 Rh4 44. a4 Bc7 45. Kd2 f5 46. gxf5
exf5 47. Kc2 Bxf4 48. Re2 Kf6 49. Ne3 Bxe3 50. Rxe3 Re4 51. Rh3 Rbe8 52. Kd2 f4
53. Rh6 Rg8 54. Rf2 Kg7 55. Rfh2 Rb8 56. Rh7+ Kf6 57. Kc1 f3 58. R7h3 Re1+ 59.
Kc2 Rf1 60. Rg3 Kf5 61. Rh7 Rf2+ 62. Kc1 Kf4 63. Rxg6 Rf1+ 64. Kc2 Rf2+ 65. Kc1
Rfxb2 0-1

[Event "Quimper-Bagneux"]
[Site "Quimper"]
[Date "2007.10.21"]
[Round "1.7"]
[White "Baudon, Andrew"]
[Black "Ortolland, Jean Pierre"]
[Result "1-0"]
[WhiteElo "1935"]
[BlackElo "1960"]
[PlyCount "51"]
[EventDate "2007.10.21"]
[SourceDate "2007.10.25"]

1. e4 c5 2. c3 d5 3. exd5 Qxd5 4. d4 e5 5. dxe5 Qxe5+ 6. Qe2 Qxe2+ 7. Bxe2 Bd6
8. Na3 a6 9. Be3 Nf6 10. Nc4 Bc7 11. Bxc5 Nbd7 12. Nd6+ Kf8 13. Ba3 Kg8 14. Nf3
Bxd6 15. Bxd6 Ne4 16. Bg3 Nb6 17. Bd3 Nc5 18. Bc2 Bg4 19. O-O-O Ne6 20. h3 Bh5
21. Bb3 Nc5 22. Rhe1 Nxb3+ 23. axb3 Rc8 24. Rd6 Bxf3 25. gxf3 Na8 26. Rd7 1-0

[Event "Lisieux-Gif sur Yvette"]
[Site "Gif sur Yvette"]
[Date "2007.10.21"]
[Round "1.1"]
[White "Coursaget, Nicolas"]
[Black "Seret, Jean Luc"]
[Result "1/2-1/2"]
[WhiteElo "2300"]
[BlackElo "2381"]
[PlyCount "74"]
[EventDate "2007.10.21"]
[SourceDate "2007.10.25"]

1. d4 d6 2. e4 Nf6 3. Nc3 Nbd7 4. f4 e5 5. Nf3 exd4 6. Qxd4 c6 7. Be3 d5 8.
exd5 Bc5 9. Qd3 Qe7 10. Nd4 Nb6 11. dxc6 bxc6 12. O-O-O Ba6 13. Qd2 Bxf1 14.
Bf2 Nc4 15. Qe1 Bxd4 16. Qxe7+ Kxe7 17. Rxd4 c5 18. Rd1 Bxg2 19. Rhe1+ Kf8 20.
Bxc5+ Kg8 21. Bxa7 h5 22. Bd4 Rh6 23. a4 Rg6 24. b3 Nd6 25. Be5 Nf5 26. Rd2 Bc6
27. Red1 Ne4 28. Nxe4 Bxe4 29. c4 Kh7 30. Rd8 Raa6 31. R1d2 Rg1+ 32. Kb2 f6 33.
Bc3 Rb1+ 34. Ka2 Rc1 35. Bb2 Rf1 36. Bc3 Rc1 37. Kb2 Rb1+ 1/2-1/2

[Event "Lisieux-Gif sur Yvette"]
[Site "Gif sur Yvette"]
[Date "2007.10.21"]
[Round "1.2"]
[White "Seret, Jean Renaud"]
[Black "Decosse, Jean Fabien"]
[Result "1/2-1/2"]
[WhiteElo "2190"]
[BlackElo "2245"]
[PlyCount "123"]
[EventDate "2007.10.21"]
[SourceDate "2007.10.25"]

1. e4 c6 2. d4 g6 3. f4 d5 4. e5 h5 5. Nf3 Bg4 6. Be3 Nh6 7. Bf2 Nf5 8. c3 e6
9. Nbd2 Nd7 10. h3 Bxf3 11. Qxf3 h4 12. Bd3 Be7 13. O-O-O Qa5 14. Kb1 O-O-O 15.
g4 hxg3 16. Bxg3 Rh5 17. Rh2 Rdh8 18. Rdh1 Kb8 19. Qf2 c5 20. Nb3 Qb6 21. dxc5
Bxc5 22. Qf3 Bg1 23. Rg2 Be3 24. Be1 Bc5 25. Bxf5 Rxf5 26. Nxc5 Qxc5 27. Bf2
Qc4 28. Bd4 b6 29. Rg5 Rh5 30. Rxf5 Rxf5 31. Rg1 Nc5 32. Rd1 Ne4 33. h4 Qa4 34.
b3 Qc6 35. Qe3 Rh5 36. Rh1 Kb7 37. Kb2 Rh8 38. Qf3 Rh5 39. Qe3 Qc7 40. Qe1 Qe7
41. Rh2 Rf5 42. Qe3 Qf8 43. Qf3 Qh6 44. Be3 Qh8 45. Rh3 Rh5 46. Qg4 Qc8 47. Bd4
Qd8 48. Be3 a5 49. Bd4 a4 50. Be3 Qe7 51. Bd4 axb3 52. axb3 Kc6 53. Rh1 Rh8 54.
b4 Nd2 55. Kc2 Nc4 56. Kd3 Qa7 57. Qe2 Qa6 58. Kc2 Na3+ 59. Kd2 Nc4+ 60. Kc2
Rh5 61. Bf2 Rh8 62. Bd4 1/2-1/2

[Event "Lisieux-Gif sur Yvette"]
[Site "Gif sur Yvette"]
[Date "2007.10.21"]
[Round "1.3"]
[White "Marie, Maxime"]
[Black "Dubois, Jean Marie"]
[Result "0-1"]
[WhiteElo "2240"]
[BlackElo "2272"]
[PlyCount "92"]
[EventDate "2007.10.21"]
[SourceDate "2007.10.25"]

1. c4 f5 2. g3 Nf6 3. Bg2 g6 4. Nc3 Bg7 5. Nf3 O-O 6. O-O d6 7. d4 c6 8. d5 c5
9. Ng5 h6 10. Ne6 Bxe6 11. dxe6 Nc6 12. Rb1 Rb8 13. Nd5 Kh7 14. h4 Nxd5 15.
cxd5 Ne5 16. e4 Qe8 17. Bf4 b5 18. h5 Ng4 19. Qc2 g5 20. exf5 Bf6 21. Bf3 gxf4
22. Bxg4 Rg8 23. f3 fxg3 24. Kg2 Qf8 25. Rh1 Kh8 26. Kxg3 Be5+ 27. Kf2 Qf6 28.
Ke2 Bd4 29. b3 Qe5+ 30. Kd1 Qxd5 31. Rf1 Be3+ 32. Ke2 Bg5 33. Qd3 Qe5+ 34. Qe4
Qg3 35. Rbe1 d5 36. Qc2 c4 37. Qc3+ Bf6 38. Qe3 Kh7 39. Rg1 Qh2+ 40. Kf1 d4 41.
Qe2 Qxe2+ 42. Kxe2 d3+ 43. Ke3 Rgd8 44. bxc4 bxc4 45. Rg2 c3 46. Rd1 d2 0-1

[Event "Lisieux-Gif sur Yvette"]
[Site "Gif sur Yvette"]
[Date "2007.10.21"]
[Round "1.4"]
[White "Leitner, Walter"]
[Black "Le Borgne, Pierre"]
[Result "1/2-1/2"]
[WhiteElo "2120"]
[BlackElo "2223"]
[PlyCount "73"]
[EventDate "2007.10.21"]
[SourceDate "2007.10.25"]

1. e4 e5 2. Nf3 Nc6 3. Bb5 a6 4. Bxc6 dxc6 5. O-O Bg4 6. h3 h5 7. d3 Qf6 8.
Nbd2 Ne7 9. Re1 Ng6 10. Nf1 Bxf3 11. Qxf3 Qxf3 12. gxf3 f6 13. Be3 O-O-O 14.
Red1 c5 15. Ng3 Nh4 16. f4 exf4 17. Bxf4 g5 18. Be3 g4 19. hxg4 hxg4 20. Kf1
Bd6 21. Ke2 Bxg3 22. fxg3 Nf3 23. Rh1 b6 24. Raf1 Kb7 25. b3 a5 26. a4 Kc6 27.
Kd1 Rde8 28. Bh6 Rh7 29. Be3 Rxh1 30. Rxh1 f5 31. Rh7 fxe4 32. Bf4 exd3 33.
Rxc7+ Kd5 34. Rd7+ Kc6 35. Rc7+ Kd5 36. Rd7+ Kc6 37. Rc7+ 1/2-1/2

[Event "Lisieux-Gif sur Yvette"]
[Site "Gif sur Yvette"]
[Date "2007.10.21"]
[Round "1.5"]
[White "Bourdonnais, Loic"]
[Black "Danet, Brieuc"]
[Result "1-0"]
[WhiteElo "2180"]
[BlackElo "2114"]
[PlyCount "113"]
[EventDate "2007.10.21"]
[SourceDate "2007.10.25"]

1. c4 Nf6 2. g3 d5 3. cxd5 Qxd5 4. Nf3 e5 5. Nc3 Qa5 6. Bg2 Bd6 7. O-O O-O 8.
d3 c6 9. Nd2 Be6 10. Nc4 Qc7 11. Be3 Nbd7 12. Rc1 Be7 13. h3 Rfd8 14. Qc2 Nd5
15. Bd2 Nb4 16. Qb1 Bxc4 17. dxc4 Nf6 18. Be3 Na6 19. a3 Nc5 20. b4 Ne6 21. Nd5
Qd7 22. Nxe7+ Qxe7 23. Qb2 Nd4 24. Rfd1 Rd7 25. Rd2 Rad8 26. Kf1 Qe6 27. Qc3 h6
28. g4 b6 29. f4 c5 30. f5 Qd6 31. b5 e4 32. Kg1 Qe7 33. Kh1 Qe5 34. Bg1 h5 35.
Bh2 Qe7 36. g5 Nh7 37. f6 Qe6 38. Bf4 Nf5 39. Rcd1 e3 40. Rxd7 Rxd7 41. Rxd7
Qxd7 42. Bd5 Ng3+ 43. Kg2 Nxe2 44. Qxe3 Nxf4+ 45. Qxf4 g6 46. Qe4 Kf8 47. Qe5
Qd8 48. a4 h4 49. Kf3 Qd7 50. Qb8+ Qe8 51. Qxe8+ Kxe8 52. Kg4 Nf8 53. Kxh4 Nd7
54. Bc6 Kd8 55. Bxd7 Kxd7 56. Kg4 Ke6 57. h4 1-0

[Event "Lisieux-Gif sur Yvette"]
[Site "Gif sur Yvette"]
[Date "2007.10.21"]
[Round "1.6"]
[White "Boonekamp, Maarten"]
[Black "Barbini, Denis"]
[Result "1-0"]
[WhiteElo "2032"]
[BlackElo "2133"]
[PlyCount "79"]
[EventDate "2007.10.21"]
[SourceDate "2007.10.25"]

1. e4 d6 2. d4 Nf6 3. Nc3 g6 4. Nf3 Bg7 5. Be2 O-O 6. h3 c6 7. Be3 Qc7 8. Qd2
Nbd7 9. Bh6 e5 10. a4 a5 11. Bxg7 Kxg7 12. O-O-O Nh5 13. Nh2 Nf4 14. Bg4 Nf6
15. g3 Ne6 16. Bxe6 Bxe6 17. Ng4 Ng8 18. d5 cxd5 19. Nxd5 Bxd5 20. Qxd5 Rac8
21. Ne3 Rfd8 22. f3 Qb6 23. Rd3 Ne7 24. Qb3 Qa7 25. Rhd1 Nc6 26. Rxd6 Nd4 27.
Qb6 Qxb6 28. Rxb6 Rc7 29. c3 Ne2+ 30. Kc2 Rxd1 31. Kxd1 Ng1 32. Nd5 Rd7 33. Rb5
Nxf3 34. h4 f5 35. Ke2 fxe4 36. Ke3 g5 37. Kxe4 g4 38. Rxa5 Nd2+ 39. Kxe5 Nc4+
40. Ke6 1-0

[Event "Lisieux-Gif sur Yvette"]
[Site "Gif sur Yvette"]
[Date "2007.10.21"]
[Round "1.7"]
[White "Blanche, Paul"]
[Black "Renault, Nicolas"]
[Result "1/2-1/2"]
[WhiteElo "2132"]
[BlackElo "2002"]
[PlyCount "122"]
[EventDate "2007.10.21"]
[SourceDate "2007.10.25"]

1. d4 Nf6 2. c4 g6 3. Nc3 Bg7 4. e4 O-O 5. Be2 d6 6. Bg5 c5 7. dxc5 Qa5 8. Bd2
Qxc5 9. Nf3 Nc6 10. O-O Ne5 11. Nxe5 Qxe5 12. Qc2 Be6 13. b3 Rac8 14. Qd3 Rfd8
15. Rad1 Ng4 16. Bxg4 Bxg4 17. f3 Qd4+ 18. Qxd4 Bxd4+ 19. Kh1 Bxc3 20. Bxc3 Be6
21. Bd4 a6 22. Bb6 Re8 23. a4 f5 24. Rfe1 fxe4 25. Rxe4 Bf5 26. Re3 Kf7 27. g4
Bd7 28. Kg2 Bc6 29. Kg3 Rf8 30. f4 Rce8 31. a5 Kg8 32. Bd4 Rf7 33. c5 Ref8 34.
cxd6 exd6 35. Rf1 Bb5 36. Rf2 Bd7 37. h4 Bc6 38. Re6 Bd5 39. Re3 Bc6 40. b4 Bd7
41. h5 gxh5 42. gxh5 h6 43. Bc3 Kh7 44. Rd3 Rg8+ 45. Kh2 Rf5 46. Rh3 Rd5 47.
Re2 Re8 48. Rxe8 Bxe8 49. Re3 Rxh5+ 50. Kg1 Bc6 51. Rg3 Rh1+ 52. Kf2 Rh2+ 53.
Ke3 Rg2 54. Rxg2 Bxg2 55. f5 h5 56. Kf4 h4 57. Be1 h3 58. Kg3 Kg7 59. Bc3+ Kf7
60. Bd4 Bf1 61. Kh2 Bg2 1/2-1/2

[Event "Lisieux-Gif sur Yvette"]
[Site "Gif sur Yvette"]
[Date "2007.10.21"]
[Round "1.8"]
[White "Imperor, Lorene"]
[Black "Blanche, Sandrine"]
[Result "1/2-1/2"]
[WhiteElo "1540"]
[BlackElo "1860"]
[PlyCount "66"]
[EventDate "2007.10.21"]
[SourceDate "2007.10.25"]

1. e4 Nf6 2. Nc3 d5 3. e5 Ne4 4. Nce2 e6 5. d3 Nc5 6. d4 Ncd7 7. f4 c5 8. c3
Nc6 9. Nf3 Qb6 10. b3 cxd4 11. cxd4 Bb4+ 12. Bd2 Ba3 13. Bc3 O-O 14. Ng3 Re8
15. Bd3 Nf8 16. O-O Bd7 17. Qc2 h6 18. Rad1 Rac8 19. Qd2 Rc7 20. Bb2 Bxb2 21.
Qxb2 Nb4 22. Bb1 Bb5 23. Rfe1 Rec8 24. Rd2 Qa6 25. Red1 Rc3 26. Ne1 Ng6 27. a3
Nxf4 28. axb4 Qc6 29. Rc2 h5 30. Rxc3 Qxc3 31. Qxc3 Rxc3 32. Bc2 h4 33. Nf1 Kf8
1/2-1/2

[Event "Echiquier Berry Sologne-Bois Colombes"]
[Site "Gien"]
[Date "2007.10.21"]
[Round "1.1"]
[White "Slaby, Jerzy"]
[Black "Touboulic, Julien"]
[Result "1-0"]
[WhiteElo "2457"]
[BlackElo "2229"]
[PlyCount "69"]
[EventDate "2007.10.21"]
[SourceDate "2007.10.25"]

1. e4 c5 2. Nf3 e6 3. d4 cxd4 4. Nxd4 a6 5. Nc3 b5 6. Bd3 Qb6 7. Nf3 Bb7 8. a4
b4 9. a5 Qc7 10. Na4 Nf6 11. Qe2 d5 12. e5 Nfd7 13. O-O Nc6 14. Re1 Nxa5 15.
Ng5 Nc6 16. f4 g6 17. Be3 Bg7 18. Qg4 Ne7 19. Rec1 O-O 20. c3 b3 21. Nxh7 Kxh7
22. Qh4+ Kg8 23. Qxe7 Rfe8 24. Qb4 Rab8 25. Qxb3 Bc6 26. Qc2 Bxa4 27. Rxa4 Nc5
28. Ra2 Nb3 29. Re1 a5 30. Qf2 Bf8 31. h4 Nc5 32. Bc2 Ne4 33. Bxe4 dxe4 34. Bd4
Qc6 35. Rxa5 1-0

[Event "Echiquier Berry Sologne-Bois Colombes"]
[Site "Gien"]
[Date "2007.10.21"]
[Round "1.2"]
[White "Toma, Michal"]
[Black "Peric, Slavissa"]
[Result "1/2-1/2"]
[WhiteElo "2216"]
[BlackElo "2258"]
[PlyCount "133"]
[EventDate "2007.10.21"]
[SourceDate "2007.10.25"]

1. e4 e6 2. d4 d5 3. Nd2 dxe4 4. Nxe4 Bd7 5. Nf3 Bc6 6. Bd3 Nd7 7. O-O Ngf6 8.
Qe2 Nxe4 9. Bxe4 Bxe4 10. Qxe4 c6 11. Bg5 Be7 12. Bxe7 Qxe7 13. Rfe1 O-O 14. c4
Rfd8 15. Rad1 Nf6 16. Qc2 Qc7 17. Re5 Rd6 18. Rde1 Rad8 19. Qc1 h6 20. h3 Nd7
21. Rh5 c5 22. Qe3 cxd4 23. Nxd4 Qxc4 24. Nb5 Rd5 25. Rxd5 Qxd5 26. Nc3 Qa5 27.
Rd1 a6 28. Qd4 Qc7 29. Ne4 b6 30. a4 a5 31. Nc3 Kf8 32. Nb5 Qc5 33. Qe4 Qc8 34.
Qd4 Qc5 35. Qe4 Qc8 36. Qd3 Qb8 37. Qd4 f6 38. Qd3 Ke7 39. Qg6 Ne5 40. Qxg7+
Nf7 41. Rc1 Rd7 42. Qg4 Qe5 43. b4 Qg5 44. Qc4 Ne5 45. Qc8 axb4 46. Rc7 Qd2 47.
Rxd7+ Qxd7 48. Qb8 Qc6 49. Na7 Qc1+ 50. Kh2 Qf4+ 51. Kh1 Qxf2 52. Nc8+ Kf7 53.
Nd6+ Kg7 54. Qd8 Qf1+ 55. Kh2 Qf4+ 56. Kh1 Nf7 57. Nxf7 Kxf7 58. Qxb6 Qc1+ 59.
Kh2 Qf4+ 60. Kh1 Qc4 61. a5 b3 62. a6 Qc1+ 63. Kh2 Qf4+ 64. Kh1 Qf1+ 65. Kh2
Qf4+ 66. Kh1 Qc1+ 67. Kh2 1/2-1/2

[Event "Echiquier Berry Sologne-Bois Colombes"]
[Site "Gien"]
[Date "2007.10.21"]
[Round "1.3"]
[White "Laurent, Julien"]
[Black "Bernard, Vincent"]
[Result "1/2-1/2"]
[WhiteElo "2315"]
[BlackElo "2210"]
[PlyCount "28"]
[EventDate "2007.10.21"]
[SourceDate "2007.10.25"]

1. Nf3 c5 2. c4 g6 3. g3 Bg7 4. Bg2 Nc6 5. O-O e6 6. Nc3 Nge7 7. Rb1 O-O 8. a3
d5 9. cxd5 exd5 10. d3 h6 11. Re1 Be6 12. e4 Qd7 13. exd5 Nxd5 14. Nxd5 Bxd5
1/2-1/2

[Event "Echiquier Berry Sologne-Bois Colombes"]
[Site "Gien"]
[Date "2007.10.21"]
[Round "1.4"]
[White "Debeaune, Robin"]
[Black "Webb, Laurence"]
[Result "1-0"]
[WhiteElo "2196"]
[BlackElo "2289"]
[PlyCount "101"]
[EventDate "2007.10.21"]
[SourceDate "2007.10.25"]

1. g3 d5 2. Bg2 e5 3. c4 d4 4. d3 Nf6 5. Nf3 Nc6 6. O-O Be7 7. b4 Bxb4 8. Nxe5
Nxe5 9. Qa4+ Nc6 10. Bxc6+ bxc6 11. Qxb4 Bh3 12. Re1 Qd6 13. Ba3 Qxb4 14. Bxb4
Nd7 15. e3 dxe3 16. Rxe3+ Kd8 17. Nd2 Re8 18. Rxe8+ Kxe8 19. Re1+ Kd8 20. Bc3
f6 21. Nb3 Rb8 22. Bd4 Nb6 23. Bc5 Nc8 24. Bf8 Nd6 25. Bxg7 Ne8 26. Bf8 Rb6 27.
Bc5 Ra6 28. a3 Bf5 29. Nd4 Bd7 30. Ne6+ Kc8 31. Nf8 Ra5 32. Bb4 Rh5 33. Re7 c5
34. Rxd7 cxb4 35. axb4 h6 36. Re7 Nd6 37. Re1 a5 38. bxa5 Rxa5 39. Ne6 Kd7 40.
Nf4 c6 41. Kg2 Nf7 42. Ng6 Ne5 43. Nxe5+ fxe5 44. Kf3 Kd6 45. Re4 Ra8 46. Rh4
Rf8+ 47. Ke3 Rf6 48. f3 Re6 49. Ke4 Rf6 50. Rh5 Re6 51. c5+ 1-0

[Event "Echiquier Berry Sologne-Bois Colombes"]
[Site "Gien"]
[Date "2007.10.21"]
[Round "1.5"]
[White "Pouillot, Eric"]
[Black "Stenel, Vincent"]
[Result "1-0"]
[WhiteElo "2044"]
[BlackElo "2133"]
[PlyCount "45"]
[EventDate "2007.10.21"]
[SourceDate "2007.10.25"]

1. e4 e6 2. d4 d5 3. Nd2 Nf6 4. e5 Nfd7 5. f4 c5 6. c3 Nc6 7. Ndf3 cxd4 8. cxd4
Qb6 9. g3 Bb4+ 10. Kf2 f6 11. Kg2 O-O 12. Bd3 fxe5 13. fxe5 Nxd4 14. Nxd4 Nxe5
15. Bxh7+ Kxh7 16. Qh5+ Kg8 17. Qxe5 Bd6 18. Qe3 e5 19. Ndf3 Qc6 20. h4 e4 21.
Nd4 Qc7 22. Nge2 Bg4 23. Bd2 1-0

[Event "Echiquier Berry Sologne-Bois Colombes"]
[Site "Gien"]
[Date "2007.10.21"]
[Round "1.6"]
[White "Plane, Boris"]
[Black "Chaumont, Adeline"]
[Result "0-1"]
[WhiteElo "2151"]
[BlackElo "2049"]
[PlyCount "132"]
[EventDate "2007.10.21"]
[SourceDate "2007.10.25"]

1. e4 c6 2. d3 d5 3. Nd2 Nd7 4. Ngf3 e6 5. g3 Bd6 6. Bg2 Ngf6 7. O-O O-O 8. Re1
e5 9. d4 dxe4 10. Nxe4 Nxe4 11. Rxe4 exd4 12. Rxd4 Bc5 13. Rd3 Qe7 14. Bg5 f6
15. Be3 Ne5 16. Nxe5 Qxe5 17. Bf4 Qxb2 18. Bd6 Bxd6 19. Rxd6 Qe5 20. Rb1 Re8
21. Qd2 Qe7 22. Bf1 Bf5 23. Rb4 Qe1 24. Qxe1 Rxe1 25. Kg2 b6 26. g4 Bxc2 27. f3
c5 28. Rb2 Ba4 29. Bc4+ Kf8 30. Rbd2 Rae8 31. Bd3 Kg8 32. Be4 Bb5 33. Kg3 Re2
34. Rd1 Ba4 35. Rc1 h6 36. h4 Kf8 37. a3 Ke7 38. Rd3 Rd8 39. Rdc3 Rdd2 40. h5
Kd6 41. Kf4 Bd7 42. Bd3 Re5 43. Rb1 Bc6 44. a4 Rf2 45. Bb5 Rd5 46. Re1 Rd4+ 47.
Kg3 Rfd2 48. Rce3 Kc7 49. Re6 Bxb5 50. axb5 Rd6 51. Re7+ Rd7 52. Re8 R2d5 53.
R1e6 Rd8 54. Rc6+ Kb7 55. Re7+ R5d7 56. Re3 Rd6 57. Re7+ R8d7 58. Rxg7 Rxc6 59.
Rxd7+ Rc7 60. Rd6 c4 61. Kf4 c3 62. Rd1 c2 63. Rc1 Rc3 64. Ke4 a6 65. bxa6+
Kxa6 66. Kf5 b5 0-1

[Event "Echiquier Berry Sologne-Bois Colombes"]
[Site "Gien"]
[Date "2007.10.21"]
[Round "1.7"]
[White "Banos Robles, Thierry"]
[Black "Choisy, Mathilde"]
[Result "1-0"]
[WhiteElo "2048"]
[BlackElo "2100"]
[PlyCount "91"]
[EventDate "2007.10.21"]
[SourceDate "2007.10.25"]

1. d4 Nf6 2. Nf3 c5 3. e3 e6 4. c4 cxd4 5. exd4 d5 6. Nc3 Bb4 7. Bd3 O-O 8. O-O
b6 9. Bg5 dxc4 10. Be4 Bxc3 11. bxc3 Nxe4 12. Bxd8 Rxd8 13. Qc2 Bb7 14. Rfe1
Nf6 15. Ne5 Bd5 16. h4 Nbd7 17. a4 Nxe5 18. Rxe5 Nd7 19. Re3 a6 20. h5 Nf6 21.
Qe2 b5 22. h6 g6 23. g4 Rdb8 24. Re5 b4 25. Rxd5 Nxd5 26. Qe5 Kf8 27. cxb4 Ke7
28. Re1 Rd8 29. f4 c3 30. f5 c2 31. fxe6 f6 32. Qe4 Rac8 33. Rc1 Rd6 34. Rxc2
Rxc2 35. Qxc2 Rxe6 36. Qc5+ Rd6 37. Qa7+ Rd7 38. Qxa6 Nxb4 39. Qb5 Nd5 40. Qc5+
Ke6 41. Qc6+ Rd6 42. Qc8+ Ke7 43. Qg8 Kd7 44. Qxh7+ Ne7 45. g5 fxg5 46. Qg7 1-0

[Event "Echiquier Berry Sologne-Bois Colombes"]
[Site "Gien"]
[Date "2007.10.21"]
[Round "1.8"]
[White "Frih, Ameur"]
[Black "Senderovic, Salko"]
[Result "1-0"]
[WhiteElo "2115"]
[BlackElo "2104"]
[PlyCount "94"]
[EventDate "2007.10.21"]
[SourceDate "2007.10.25"]

1. d4 d5 2. c4 e6 3. Nc3 Nf6 4. cxd5 exd5 5. Bg5 Nc6 6. e3 Be7 7. Bxf6 Bxf6 8.
Qb3 Ne7 9. Bd3 O-O 10. Nge2 c6 11. Qc2 h6 12. O-O Be6 13. Nf4 Bd7 14. b4 a6 15.
a4 Bg5 16. Nfe2 Qc8 17. Ng3 f5 18. f4 Bh4 19. b5 axb5 20. axb5 Rxa1 21. Rxa1
cxb5 22. Qb3 Bxg3 23. hxg3 Qc6 24. Nxb5 Qe6 25. Kf2 Bxb5 26. Qxb5 Nc6 27. Ra3
Rf7 28. Bb1 g6 29. Ba2 Rd7 30. Qc5 Kg7 31. Rb3 h5 32. Rb5 Re7 33. Qa3 Rd7 34.
Qb3 Ne7 35. Rxb7 Rxb7 36. Qxb7 Kf7 37. Qb5 Qe4 38. Bb1 Qe6 39. Bc2 Qc6 40. Qc5
Qa6 41. Bb3 Qe6 42. Qc7 Kf8 43. Ba4 Qc8 44. Qd6 Qb7 45. Kg1 Kg7 46. Kh2 Ng8 47.
Qe5+ Kh7 {suite illisible} 1-0

[Event "Gif sur Yvette-Orleans"]
[Site "Orleans"]
[Date "2007.11.24"]
[Round "2.1"]
[White "Seret, Jean Luc"]
[Black "Perrin, Guillaume"]
[Result "1/2-1/2"]
[WhiteElo "2381"]
[BlackElo "2268"]
[PlyCount "29"]
[EventDate "2007.11.24"]
[SourceDate "2007.10.25"]
[WhiteTeam "Gif sur Yvette"]
[BlackTeam "Orléans"]

1. e4 c5 2. Nf3 Nc6 3. Bb5 g6 4. Bxc6 dxc6 5. d3 Bg7 6. Nc3 e5 7. Be3 b6 8. Qd2
h6 9. h3 Ne7 10. Nh2 g5 11. h4 gxh4 12. Nf3 Ng6 13. O-O-O Bg4 14. Rdf1 Qe7 15.
Ng1 1/2-1/2

[Event "Gif sur Yvette-Orleans"]
[Site "Orleans"]
[Date "2007.11.24"]
[Round "2.2"]
[White "Spitz, Christophe"]
[Black "Dubois, Jean Marie"]
[Result "0-1"]
[WhiteElo "2161"]
[BlackElo "2272"]
[PlyCount "68"]
[EventDate "2007.11.24"]
[SourceDate "2007.10.25"]
[WhiteTeam "Orléans"]
[BlackTeam "Gif sur Yvette"]

1. e4 Nf6 2. e5 Nd5 3. d4 d6 4. Nf3 g6 5. c4 Nb6 6. Be2 Bg7 7. O-O O-O 8. h3
Nc6 9. exd6 cxd6 10. Nc3 Bf5 11. Bg5 h6 12. Be3 d5 13. b3 dxc4 14. bxc4 Be6 15.
d5 Bxc3 16. Bxh6 Nxd5 17. cxd5 Bxd5 18. Rb1 Bxa2 19. Qc2 Bg7 20. Bxg7 Bxb1 21.
Qb2 Be4 22. Bh6 e5 23. Ng5 Bd5 24. Rd1 Nd4 25. Rxd4 exd4 26. Qxd4 f6 27. Bc4
Bf7 28. Qe4 Qd1+ 29. Kh2 Qd6+ 30. g3 fxg5 31. Qxb7 Rab8 32. Qxa7 Qb6 33. Qa1
Qxf2+ 34. Kh1 Rb2 0-1

[Event "Gif sur Yvette-Orleans"]
[Site "Orleans"]
[Date "2007.11.24"]
[Round "2.3"]
[White "Seret, Jean Renaud"]
[Black "Bernardin, Thierry"]
[Result "1-0"]
[WhiteElo "2190"]
[BlackElo "1990"]
[PlyCount "87"]
[EventDate "2007.11.24"]
[SourceDate "2007.10.25"]
[WhiteTeam "Gif sur Yvette"]
[BlackTeam "Orléans"]

1. e4 g6 2. d4 Bg7 3. Nf3 d6 4. Nc3 Nf6 5. Bc4 O-O 6. O-O c6 7. a4 Bg4 8. h3
Bxf3 9. Qxf3 e5 10. dxe5 dxe5 11. a5 Nbd7 12. Rd1 Qc7 13. Be3 Rfe8 14. Rd2 h6
15. Rad1 Re7 16. b4 b6 17. axb6 axb6 18. Rd6 Kh7 19. Bb3 Ne8 20. R6d2 Nef6 21.
g4 Nf8 22. b5 c5 23. Rd6 N8d7 24. Rc6 Qa7 25. g5 hxg5 26. Bxg5 Qa3 27. Rxd7
Rxd7 28. Bxf6 Bxf6 29. Rxf6 Qc1+ 30. Kh2 Ra1 31. Rxf7+ Rxf7 32. Qxf7+ Kh6 33.
Qf8+ Kg5 34. Qd8+ Kh6 35. Qh8+ Kg5 36. h4+ Kg4 37. Be6+ Kf3 38. Qf6+ Qf4+ 39.
Qxf4+ exf4 40. Bd5 Kxf2 41. e5 Ke3 42. e6 Ra7 43. Bc6 f3 44. e7 1-0

[Event "Gif sur Yvette-Orleans"]
[Site "Orleans"]
[Date "2007.11.24"]
[Round "2.4"]
[White "Gastal, Laurent"]
[Black "Leitner, Walter"]
[Result "1/2-1/2"]
[WhiteElo "1992"]
[BlackElo "2120"]
[PlyCount "105"]
[EventDate "2007.11.24"]
[SourceDate "2007.10.25"]
[WhiteTeam "Orléans"]
[BlackTeam "Gif sur Yvette"]

1. e4 c6 2. d4 d5 3. Nc3 dxe4 4. Nxe4 Nf6 5. Nxf6+ gxf6 6. Be3 Bf5 7. Nf3 e6 8.
Bd3 Bg6 9. Qd2 Bd6 10. O-O-O Nd7 11. Rhe1 Qe7 12. Bxg6 hxg6 13. h3 Nb6 14. Bf4
O-O-O 15. Bxd6 Qxd6 16. Qa5 Kb8 17. Rd3 Rh5 18. Qa3 Qc7 19. Rg1 Nd5 20. Kb1 Nf4
21. Rd2 Ra5 22. Qe3 g5 23. c4 Ra4 24. Qb3 Ra5 25. Qc2 Qe7 26. Qc3 Ra4 27. b3
Ra3 28. Qb2 Qb4 29. Rdd1 Ra6 30. Ne1 e5 31. Nc2 Qd6 32. c5 Qd7 33. Nb4 Ra5 34.
dxe5 Qxd1+ 35. Rxd1 Rxd1+ 36. Kc2 Rd8 37. Qc3 Rb5 38. a4 Rxb4 39. Qxb4 fxe5 40.
Qe4 f6 41. Qf5 Nd5 42. g3 Rh8 43. Qd7 a6 44. Kd3 Ka7 45. Kc4 a5 46. Kd3 Kb8 47.
Ke4 Rc8 48. Kf5 Rh8 49. h4 gxh4 50. gxh4 Rxh4 51. Qd8+ Ka7 52. Qxa5+ Kb8 53.
Qd8+ 1/2-1/2

[Event "Gif sur Yvette-Orleans"]
[Site "Orleans"]
[Date "2007.11.24"]
[Round "2.5"]
[White "Boonekamp, Maarten"]
[Black "Vaillant, Stephane"]
[Result "1-0"]
[WhiteElo "2032"]
[BlackElo "2027"]
[PlyCount "136"]
[EventDate "2007.11.24"]
[SourceDate "2007.10.25"]
[WhiteTeam "Gif sur Yvette"]
[BlackTeam "Orléans"]

1. e4 e6 2. d4 d5 3. e5 c5 4. c3 Nc6 5. Nf3 Bd7 6. a3 c4 7. Nbd2 Qb6 8. b4 cxb3
9. Qxb3 Qxb3 10. Nxb3 f6 11. Be2 b6 12. a4 Nge7 13. O-O fxe5 14. Nxe5 Nxe5 15.
dxe5 Rc8 16. Bd2 Nc6 17. f4 Be7 18. a5 Nxa5 19. Nxa5 bxa5 20. Rxa5 Bc5+ 21. Kh1
Bb6 22. Raa1 O-O 23. Rac1 Ba4 24. c4 Bb3 25. Bb4 Bc5 26. Bxc5 Rxc5 27. Bg4 Re8
28. cxd5 Rxc1 29. Rxc1 Bxd5 30. Kg1 Kf7 31. Ra1 Re7 32. Kf2 Rb7 33. Bf3 Bxf3
34. Kxf3 h5 35. Ra6 Re7 36. Kg3 Kg6 37. Kh4 Kf5 38. Ra4 Kg6 39. h3 Kh6 40. Ra6
g6 41. g4 hxg4 42. Kxg4 Kg7 43. Kg5 Kf7 44. Rc6 Kg7 45. h4 Kf7 46. Kh6 Rb7 47.
Rc8 Re7 48. Kh7 Rb7 49. Kh6 Rd7 50. Rh8 Rd4 51. Rh7+ Kg8 52. Rxa7 Rxf4 53. Kxg6
Rg4+ 54. Kf6 Rxh4 55. Ra8+ Kh7 56. Kxe6 Rh1 57. Ke7 Kg7 58. Ra2 Rg1 59. e6 Rg3
60. Rd2 Rg1 61. Ke8 Re1 62. e7 Ra1 63. Rg2+ Kh7 64. Rg4 Re1 65. Kf7 Rf1+ 66.
Ke6 Re1+ 67. Kf6 Rf1+ 68. Ke5 Re1+ 1-0